Catalog

Record Details

Catalog Search



The battle for the mind /  Cover Image Book Book

The battle for the mind /  Tim LaHaye

LaHaye, Tim (Author).

Record details

  • ISBN: 0-8007-5043-8
  • Physical Description: 247 p.
  • Edition: 1st ed.
  • Publisher: Old Tappan, New Jersey Fleming H. Revell 1980

Available copies

  • 1 of 1 copy available at Common Catalog SPOK.

Holds

  • 0 current holds with 1 total copy.
Show Only Available Copies
Location Call Number / Copy Notes Barcode Shelving Location Status Due Date
ETS Library 261.21 424470003577 Volný výběr Available -

LDR 00622nam a2 00241
00138813
003CZ-PrJAB
00520200612200538.0
008030606s1980 xxu e |||| |eng
009us
020 . ‡a0-8007-5043-8
035 . ‡a(CONS)572
035 . ‡aKPS2428
041 . ‡aeng
08214. ‡a261.21
100 . ‡7430 ‡aLaHaye, Tim
245 . ‡aThe battle for the mind /  ‡cTim LaHaye
250 . ‡a1st ed.
260 . ‡aOld Tappan, New Jersey ‡bFleming H. Revell ‡c1980
300 . ‡a247 p.
653 . ‡aThe battle for the mind
8524 . ‡bETS ‡bETS ‡cVolný výběr ‡j261.21 ‡gA ‡p424470003577
910 . ‡aABG450
999 . ‡a572 ‡bAUTOGEN ‡c572 ‡tbiblio
905 . ‡uadmin
901 . ‡a38813 ‡bCZ-PrJAB ‡c38813 ‡tbiblio ‡sets

Additional Resources